Movies Quiz

Random Movies or Oscar Quiz

Oscar Nominees (1964) Quiz Stats

Quiz not verified by Sporcle

Also try: 57 'M' Movies
Challenge
Share
Tweet
Embed
Score 0/99 Timer 10:00
0 Plays Today
Hint Answer % Correct
PictureMary Poppins
98%
PictureMY FAIR LADY
98%
Adapted ScreenplayMary Poppins
98%
Adapted ScreenplayMy Fair Lady
98%
Art Direction, ColorMary Poppins
98%
Art Direction, ColorMY FAIR LADY
98%
Cinematography, ColorMary Poppins
98%
Cinematography, ColorMY FAIR LADY
98%
Costume Design, ColorMary Poppins
98%
Costume Design, ColorMY FAIR LADY
98%
Substantially Original ScoreMARY POPPINS
98%
Scoring of Music, Adaptation or TreatmentMary Poppins
98%
Scoring of Music, Adaptation or TreatmentMY FAIR LADY
98%
Original SongMARY POPPINS, 'Chim Chim Cher-ee'
98%
Film EditingMy Fair Lady
98%
SoundMary Poppins
98%
SoundMY FAIR LADY
98%
Special Visual EffectsMARY POPPINS
98%
PictureBecket
97.7%
Adapted ScreenplayBECKET
97.7%
Art Direction, ColorBecket
97.7%
Cinematography, ColorBecket
97.7%
Costume Design, ColorBecket
97.7%
Substantially Original ScoreBecket
97.7%
Film EditingBecket
97.7%
SoundBecket
97.7%
ActressJULIE ANDREWS, MARY POPPINS
95.9%
ActorRichard Burton, Becket
94.7%
ActorREX HARRISON, MY FAIR LADY
94.7%
PictureDr. Strangelove or: How I Learned to Stop Worrying and Love the Bomb
93.7%
Adapted ScreenplayDr. Strangelove or: How I Learned to Stop Worrying and Love the Bomb
93.7%
ActorPeter O'Toole, Becket
93.1%
PictureZorba the Greek
92.9%
Hint Answer % Correct
Adapted ScreenplayZorba the Greek
92.9%
Art Direction, Black-and-WhiteZORBA THE GREEK
92.9%
Cinematography, Black-and-WhiteZORBA THE GREEK
92.9%
ActorPeter Sellers, Dr. Strangelove or: How I Learned to Stop Worrying and Love the Bomb
91.1%
Film EditingMARY POPPINS
91.1%
DirectorStanley Kubrick, Dr. Strangelove or: How I Learned to Stop Worrying and Love the Bomb
90.4%
DirectorGEORGE CUKOR, MY FAIR LADY
89.8%
ActorAnthony Quinn, Zorba the Greek
89.8%
Supporting ActorPETER USTINOV, TOPKAPI
87.3%
Supporting ActressLILA KEDROVA, ZORBA THE GREEK
86.5%
Supporting ActorJohn Gielgud, Becket
86%
Supporting ActressGladys Cooper, My Fair Lady
85.8%
Film EditingHush... Hush, Sweet Charlotte
85.8%
ActressSophia Loren, Marriage Italian Style
84.3%
ActressDebbie Reynolds, The Unsinkable Molly Brown
83.8%
Supporting ActorStanley Holloway, My Fair Lady
83.5%
ActressAnne Bancroft, The Pumpkin Eater
82.7%
Art Direction, ColorThe Unsinkable Molly Brown
82.7%
Cinematography, ColorThe Unsinkable Molly Brown
82.7%
Costume Design, ColorThe Unsinkable Molly Brown
82.7%
Scoring of Music, Adaptation or TreatmentThe Unsinkable Molly Brown
82.7%
SoundThe Unsinkable Molly Brown
82.7%
DirectorRobert Stevenson, Mary Poppins
82.2%
ActressKim Stanley, Seance on a Wet Afternoon
81%
DirectorMihalis Kakogiannis, Zorba the Greek
80.7%
Art Direction, Black-and-WhiteThe Night of the Iguana
79.4%
Cinematography, Black-and-WhiteThe Night of the Iguana
79.4%
Costume Design, Black-and-WhiteTHE NIGHT OF THE IGUANA
79.4%
Art Direction, Black-and-WhiteHush... Hush, Sweet Charlotte
78.9%
Cinematography, Black-and-WhiteHush... Hush, Sweet Charlotte
78.9%
Costume Design, Black-and-WhiteHush... Hush, Sweet Charlotte
78.9%
Substantially Original ScoreHush... Hush, Sweet Charlotte
78.9%
Original SongHush... Hush, Sweet Charlotte, 'Hush... Hush, Sweet Charlotte'
78.9%
Hint Answer % Correct
Supporting ActressAgnes Moorehead, Hush... Hush, Sweet Charlotte
77.9%
DirectorPeter Glenville, Becket
77.7%
Original ScreenplayFATHER GOOSE
77.2%
Film EditingFather Goose
77.2%
SoundFather Goose
77.2%
Supporting ActressGrayson Hall, The Night of the Iguana
76.4%
Supporting ActressEdith Evans, The Chalk Garden
76.1%
Supporting ActorEdmond O'Brien, Seven Days in May
72.3%
Original ScreenplayA Hard Day's Night
71.6%
Scoring of Music, Adaptation or TreatmentA Hard Day's Night
71.6%
Art Direction, Black-and-WhiteSeven Days in May
70.1%
Supporting ActorLee Tracy, The Best Man
68.8%
Original ScreenplayOne Potato, Two Potato
57.4%
Sound EffectsGOLDFINGER
52.8%
Art Direction, ColorWhat a Way to Go!
51%
Costume Design, ColorWhat a Way to Go!
51%
Original ScreenplayThe Organizer
50.5%
Art Direction, Black-and-WhiteThe Americanization of Emily
49.7%
Cinematography, Black-and-WhiteThe Americanization of Emily
49.7%
Original ScreenplayThat Man from Rio
49.5%
Special Visual Effects7 Faces of Dr. Lao
38.8%
Cinematography, ColorCheyenne Autumn
38.6%
Substantially Original ScoreThe Fall of the Roman Empire
35.8%
Substantially Original ScoreThe Pink Panther
35.8%
Scoring of Music, Adaptation or TreatmentRobin and the 7 Hoods
34.8%
Original SongRobin and the 7 Hoods, 'My Kind of Town'
34.8%
Costume Design, Black-and-WhiteKisses for My President
34.5%
Cinematography, Black-and-WhiteFate Is the Hunter
33%
Original SongDear Heart, 'Dear Heart'
31.5%
Original SongWhere Love Has Gone, 'Where Love Has Gone'
30.7%
Sound EffectsThe Lively Set
30.7%
Costume Design, Black-and-WhiteThe Visit
30.2%
Costume Design, Black-and-WhiteA House Is Not a Home
28.7%

You're not logged in!

Compare scores with friends on all Sporcle quizzes.
Sign Up with Email
OR
Log In

Show Comments

Extras

Top Quizzes Today


Score Distribution

Your Account Isn't Verified!

In order to create a playlist on Sporcle, you need to verify the email address you used during registration. Go to your Sporcle Settings to finish the process.